| 000 | 04051nam a22004217a 4500 | ||
|---|---|---|---|
| 005 | 20100811114754.0 | ||
| 010 | _aHIN-90276 B-438090-100 | ||
| 020 |
_c450.00 _a9788126319640 |
||
| 035 | _aHN-62622 | ||
| 035 | _aB-438090-100 | ||
| 037 | _bDBAD / PUB | ||
| 037 | _bएलाईड पब्लिशर्स | ||
| 082 | _a415 | ||
| 100 |
_aपाठक, रवीन्द्र _929308 |
||
| 245 |
_aहिन्दी-व्याकरण के नवीन क्षितिज: _cरवीन्द्र कुमार पाठक _bहिन्दी-व्याकरण की सैद्धान्तिकी / |
||
| 246 |
_aHindi Vyakaran Ke Naveen Kshtitij _bby Ravindra Kumar Pathak |
||
| 260 |
_aनई दिल्ली _bभारतीय ज्ञानपीठ _c2010 |
||
| 270 |
_a18, इन्स्टीटयूशनल एरिया, लोदी रोड़ _bनई दिल्ली _e110003 _msales@jnanpith.net _k011-41611861, 40712100 |
||
| 300 |
_a424पृ _c22सेमी (सजिल्द) |
||
| 490 |
_aलोकोदय ग्रन्थमाला : ग्रन्थांक 1047/ रवीन्द्र कालिया द्वारा संपादित _929309 |
||
| 700 | _97228 | ||
| 700 | _97267 | ||
| 700 | _97698 | ||
| 942 |
_adpl _cHN _k _2ddc _mपाठक _h415 |
||
| 999 |
_c40901 _d40901 |
||